Aegyptiaca, or, observations on certain antiquities of Egypt /

محفوظ في:

المؤلف الرئيسي: White, Joseph, 1745-1814 (مؤلف)

التنسيق: كتاب

اللغة: English

منشور في: [Place of publication not identified : publisher not identified], 2012.

الموضوعات:

الوسوم: إضافة وسم

لا توجد وسوم, كن أول من يضع وسما على هذه التسجيلة!

رقم الطلب: DT73 .A4 W58

LEADER 00766nam a22002297a 4500
003 OSt
005 20251207092338.0
008 251207t2012 xx abe 000 0 eng d
040 |c ARCE Library 
043 |a f-ua--- 
050 1 4 |a DT73 .A4  |b W58 
100 1 |a White, Joseph,   |d 1745-1814,  |e author 
245 1 0 |a Aegyptiaca, or, observations on certain antiquities of Egypt /   |c Joseph White. 
246 3 3 |a observations on certain antiquities of Egypt. 
264 1 |a [Place of publication not identified :   |b publisher not identified],   |c 2012. 
300 |a xiii, 227 pages :   |b illus., maps, plans ;   |c 23 cm. 
500 |a pp. 124-224 don't exist. 
651 0 |a Egypt  |x Antiquities  
651 0 |a Egypt   |z Alexandria. 
901 |a reviewed 
942 |c BK  |2 lcc 
999 |c 22008  |d 22008